02178nas a2200265Ia 4500001001100000003001000011008004100021040002500062041001400087100002400101210001400125222001400139245010200153250001100255260009300266300001100359310001200370362002800382500065600410501011401066520065601180650003901836700001601875700002101891R053-S9170IT-CnALBA170116c99999999xx |||||||||||| ||und|| aIT-CnALBAcIT-CnALBA aITALIANO  aCattaneo Francesco  aCINEFORUM aCINEFORUM 0aCineforum 403. Dicembre 2003. Rivista di cultura cinematografica. Sommario. Overlook High Scool.' a1a ed. a BERGAMObFederazione Italiana Cineforum c2003 [1° Ed.:2003 - Ed.Ling.Originale: 2003] a96 p.  aMENSILE aFascicolo: 11 / (2003) aFramenti di nulla. L'elefante ottuso. La morte corre sul fiume, Pillardi A. L'ombra del passato. Comuzio E. East wood sinfonnico. Schede. F. Tassi, Dogville di Lars von Trier. Costantino Jonny, Zatoichi di Kitano Takeschi, Comuzio E. Anjthing Else di Woody Allen. Etc... Filmese, Cattaneo Fr. Malavasi L. Mancino H.G... Mio cognato, Matrix Rivolutions. Ora o mai PIÙ. Il guanto affilato e la lama insozzata. Festival e Rassegne. Tivutargets. Le lune del cinema. Libri. Speciali elephant e mystic river, Gli horror seriali cinetelevisivi. Von Trier, Olmi. Coen. Kitano, Tarantino, Allen, Bertolucci, Scorsese, Zvyagintsev, Ozom. Viri''. Mereu. ' aSocietà San Paolo EM - Piazza San Paolo, 14 - 12051 ALBA (CN) (non commercial uses only) ® Copyright 2017 aFramenti di nulla. L'elefante ottuso. La morte corre sul fiume, Pillardi A. L'ombra del passato. Comuzio E. East wood sinfonnico. Schede. F. Tassi, Dogville di Lars von Trier. Costantino Jonny, Zatoichi di Kitano Takeschi, Comuzio E. Anjthing Else di Woody Allen. Etc... Filmese, Cattaneo Fr. Malavasi L. Mancino H.G... Mio cognato, Matrix Rivolutions. Ora o mai PIÙ. Il guanto affilato e la lama insozzata. Festival e Rassegne. Tivutargets. Le lune del cinema. Libri. Speciali elephant e mystic river, Gli horror seriali cinetelevisivi. Von Trier, Olmi. Coen. Kitano, Tarantino, Allen, Bertolucci, Scorsese, Zvyagintsev, Ozom. Viri''. Mereu. ' aARTI RICREATIVE E DELLO SPETTACOLO aAutori vari aLa Polla Franco